<?xml version="1.0" encoding="UTF-8"?>
<collection xmlns="http://www.loc.gov/MARC21/slim">
 <record>
  <leader>01620naa a2200349   4500</leader>
  <controlfield tag="001">1663503281</controlfield>
  <controlfield tag="003">DE-627</controlfield>
  <controlfield tag="005">20190423155117.0</controlfield>
  <controlfield tag="007">tu</controlfield>
  <controlfield tag="008">190423s2019    xx |||||      00| ||ger c</controlfield>
  <datafield tag="035" ind1=" " ind2=" ">
   <subfield code="a">(DE-627)1663503281</subfield>
  </datafield>
  <datafield tag="035" ind1=" " ind2=" ">
   <subfield code="a">(DE-599)KXP1663503281</subfield>
  </datafield>
  <datafield tag="040" ind1=" " ind2=" ">
   <subfield code="a">DE-627</subfield>
   <subfield code="b">ger</subfield>
   <subfield code="c">DE-627</subfield>
   <subfield code="e">rda</subfield>
  </datafield>
  <datafield tag="041" ind1=" " ind2=" ">
   <subfield code="a">ger</subfield>
  </datafield>
  <datafield tag="100" ind1="1" ind2=" ">
   <subfield code="a">Haberkamm, Klaus</subfield>
   <subfield code="d">1938-</subfield>
   <subfield code="e">VerfasserIn</subfield>
   <subfield code="0">(DE-588)116349468</subfield>
   <subfield code="0">(DE-627)077857119</subfield>
   <subfield code="0">(DE-576)290472946</subfield>
   <subfield code="4">aut</subfield>
  </datafield>
  <datafield tag="245" ind1="1" ind2="0">
   <subfield code="a">Stern-Taler (I)</subfield>
   <subfield code="b">Geld in Dürers und Grimmelshausens Darstellungen des &quot;kosmischen Konflikts zwischen Saturn und Jupiter&quot;</subfield>
   <subfield code="c">Klaus Haberkamm (Münster)</subfield>
  </datafield>
  <datafield tag="264" ind1=" " ind2="1">
   <subfield code="c">[2019]</subfield>
  </datafield>
  <datafield tag="264" ind1=" " ind2="4">
   <subfield code="c">© 2019</subfield>
  </datafield>
  <datafield tag="300" ind1=" " ind2=" ">
   <subfield code="b">1 Illustration</subfield>
  </datafield>
  <datafield tag="336" ind1=" " ind2=" ">
   <subfield code="a">Text</subfield>
   <subfield code="b">txt</subfield>
   <subfield code="2">rdacontent</subfield>
  </datafield>
  <datafield tag="337" ind1=" " ind2=" ">
   <subfield code="a">ohne Hilfsmittel zu benutzen</subfield>
   <subfield code="b">n</subfield>
   <subfield code="2">rdamedia</subfield>
  </datafield>
  <datafield tag="338" ind1=" " ind2=" ">
   <subfield code="a">Band</subfield>
   <subfield code="b">nc</subfield>
   <subfield code="2">rdacarrier</subfield>
  </datafield>
  <datafield tag="689" ind1="0" ind2="0">
   <subfield code="d">u</subfield>
   <subfield code="0">(DE-588)4528932-3</subfield>
   <subfield code="0">(DE-627)252466594</subfield>
   <subfield code="0">(DE-576)213377454</subfield>
   <subfield code="a">Grimmelshausen, Hans Jakob Christoffel von</subfield>
   <subfield code="d">1622-1676</subfield>
   <subfield code="t">Des Abenteurlichen Simplicissimi Ewig-währender Calender</subfield>
   <subfield code="2">gnd</subfield>
  </datafield>
  <datafield tag="689" ind1="0" ind2="1">
   <subfield code="d">u</subfield>
   <subfield code="0">(DE-588)4252343-6</subfield>
   <subfield code="0">(DE-627)104539364</subfield>
   <subfield code="0">(DE-576)21052216X</subfield>
   <subfield code="a">Dürer, Albrecht</subfield>
   <subfield code="d">1471-1528</subfield>
   <subfield code="t">Melancholie</subfield>
   <subfield code="2">gnd</subfield>
  </datafield>
  <datafield tag="689" ind1="0" ind2=" ">
   <subfield code="5">(DE-627)</subfield>
  </datafield>
  <datafield tag="773" ind1="0" ind2="8">
   <subfield code="i">Enthalten in</subfield>
   <subfield code="t">Simpliciana</subfield>
   <subfield code="d">Bern : Peter Lang, 1979</subfield>
   <subfield code="g">40(2018), Seite 273-296</subfield>
   <subfield code="w">(DE-627)130636878</subfield>
   <subfield code="w">(DE-600)800364-6</subfield>
   <subfield code="w">(DE-576)016143957</subfield>
   <subfield code="x">0259-6415</subfield>
   <subfield code="7">|||s</subfield>
  </datafield>
  <datafield tag="773" ind1="1" ind2="8">
   <subfield code="g">volume:40</subfield>
   <subfield code="g">year:2018</subfield>
   <subfield code="g">pages:273-296</subfield>
  </datafield>
  <datafield tag="936" ind1="u" ind2="w">
   <subfield code="d">40</subfield>
   <subfield code="j">2018</subfield>
   <subfield code="h">273-296</subfield>
  </datafield>
  <datafield tag="951" ind1=" " ind2=" ">
   <subfield code="a">AR</subfield>
  </datafield>
  <datafield tag="990" ind1=" " ind2=" ">
   <subfield code="a">Grimmelshausen, Hans Jakob Christoffel von / Des Abenteurlichen Simplicissimi Ewig-währender Calender</subfield>
  </datafield>
  <datafield tag="990" ind1=" " ind2=" ">
   <subfield code="a">Dürer, Albrecht / Melancholie</subfield>
  </datafield>
  <datafield tag="999" ind1=" " ind2=" ">
   <subfield code="a">KXP-PPN1663503281</subfield>
   <subfield code="e">3938970057</subfield>
  </datafield>
 </record>
</collection>
